000 01158nam a22002177a 4500
999 _c63253
_d63253
005 20250708105341.0
008 250708s2018 en ||||| |||| 00| 0 eng d
020 _a9781493977543 x
041 _aeng
080 _a616.381.07A-90
245 _aAtlas of ultrasound-guided procedures in interventional pain management /
_cEditor: Samer N. Narouze
250 _aSecond edition
264 _a New York :
_bSpringer,
_c2018.
300 _a334 p.:
_bill;
_c30 cm.
653 _aAtlas of ultrasound-guided procedures in interventional pain management
653 _aინტერვენციული ტკივილის მართვის ულტრაბგერითი კონტროლით ჩატარებული პროცედურების ატლასი
653 _aმედიცინა
653 _aWith a focus on anatomy and sonoantomy, this beautifully illustrated updated edition captures the latest advances in the rapidly growing field of ultrasound-guided pain medicine and MSK procedures. This atlas is
700 _aNarouze, Samer N
_eრედაქტორი
_925621
942 _2udc
_cBK